Political Parties and Democracy /

Đã lưu trong:
Chi tiết về thư mục
Tác giả chính: Diamond, Larry
Tác giả khác: ed. Gunther, Richard ed
Định dạng: Texto
Được phát hành: Baltimore, Maryland: The Johns Hopkins University Press
Những chủ đề:
Các nhãn: Thêm thẻ
Không có thẻ, Là người đầu tiên thẻ bản ghi này!

MARC

LEADER 00000 a a2200000 04500
001 28523
003
040
020 |a 0-8018-6863-7  
090 |a 188803  
100 |a Diamond, Larry  
245 |a Political Parties and Democracy /  |c Larry Diamond 
260 |a Baltimore, Maryland:   |b The Johns Hopkins University Press  
300 |a 356 p  
650 |a DESARROLLO POLITICO  
650 |a IDEOLOGIAS POLITICAS  
650 |a PARTIDOS POLITICOS  
650 |a DOCTRINAS POLITICAS  
650 |a MARXISMO  
700 |a ed.   |a Gunther, Richard   |a ed.  
999 |c 14617  |d 14617